00505nam a22001697a 450000500170000001000150001702000260003203500140005803700130007208200100008510000230009524500530011826000370017127000540020830000200026250000530028220180619154924.0 aENG-123260 a9788171328260c750.00 aEN-106792 bDBAD/PUB a371.9 aGoel, Sushil Kumar aSpecial educational needs/cby Sushil Kumar Goel aJaipurbPointer Publishersc2015 bJaipura807, Vyas Building, Chaura Rasta,e302003 a168p.c22cm(Hb) aIt includes bibliographical references and Index